| 000 | 01066nam a2200241 a 4500 | ||
|---|---|---|---|
| 001 | 000862856 | ||
| 003 | AM-YeHGA | ||
| 005 | 20250617145110.0 | ||
| 008 | 120130s1980 ru r 000 0 rus d | ||
| 040 | _aAM-YeHGA | ||
| 041 | 1 | _arus | |
| 100 | 1 | _aСахаров, Игорь Васильевич | |
| 245 | 1 | 0 |
_aЯпония : _bРек. библиогр. указ. / _cГос. Публ. б-ка им. М.Е. Салтыкова-Щедрина; Геогр. о-во СССР ; О-во "СССР-Япония "; Под ред. И.А. Латышева. |
| 260 |
_aМосква : _bКнига, _c1980. |
||
| 300 |
_a159 стр. ; _c20 см. |
||
| 440 | 0 | _aСтраны и народы мира | |
| 650 | 1 | 4 | _aБиблиография |
| 650 | 1 | 4 | _aЯпония |
| 700 | 1 |
_aЛатышев, И.А. _eред. _4edt |
|
| 710 | 2 | _aГосударственная публичная б-ка им. М.Е. Салтыкова-Щедрина | |
| 710 | 2 |
_aГеографическое общество СССР _bОбщество "СССР-Япония" |
|
| 090 | _c308038 | ||
| 999 |
_c306330 _d306330 |
||